| 000 | 00379 a2200169 4500 | ||
|---|---|---|---|
| 000 | nam a22 7a 4500 | ||
| 001 | 1945 | ||
| 005 | 20260412171641.0 | ||
| 020 | _a9780393697013 | ||
| 100 | _aJoy Hakim | ||
| 110 | _aJoy Hakim | ||
| 245 | _aA History Of Us | ||
| 250 | _a1st | ||
| 260 |
_bOxford University Prss _c2020 |
||
| 264 |
_bOxford University Prss _c2020 |
||
| 942 | _cBK | ||
| 999 |
_c1945 _d1945 |
||